000
00213nam a2200097Ia 4500
005
20251222114412.0
008
251222s1900||||xx |||||||||||||| ||spa||
082
_a
DVD0050/T22/1972
245
0
_a
Solaris:
942
_c
DVD
999
_c
2073
_d
2073